| 000 | 00826npm a2200229 i 4500 | ||
|---|---|---|---|
| 001 | 5169 | ||
| 003 | ES-MaACL | ||
| 005 | 20230908140521.0 | ||
| 007 | hzrazu bucu | ||
| 008 | 900419r19901917sp a 00010 spa d | ||
| 080 | _a05(466.1 Bilbao) Hermes | ||
| 080 | _a05(46) | ||
| 245 | 0 | 0 |
_aHermes _b: [Microforma] : Revista del Pais Vasco. |
| 260 |
_aMadrid : _bAteneo CientÃfico, Literario y ArtÃstico, _c1990. |
||
| 300 |
_a2 carretes microfilme : _bnegativo ; _c16 mm. |
||
| 500 | _aPublicado originalmente: Bilbao, Tip. E. Verdes, 1917-1922, periodicidad mensual. | ||
| 505 | 8 | _aCarrete n. 1: 1917 a 1920 (v. 4, p.140) -- Carrete n. 2: 1920 (v. 4, p.141) a 1922 (jun.) | |
| 852 |
_aES-MaACL _jMC-352-3 _95286 _cDEPO1 |
||
| 942 |
_2udc _cMICROFORMA |
||
| 999 |
_c5169 _d5169 |
||